|
|
|
|
| LEADER |
01859ngm a2200445 a 4500 |
| 001 |
000927283 |
| 003 |
CZ BrMZK |
| 005 |
20090330093227.0 |
| 008 |
090119s2008 xr 90 |e||||||s||| cze d |
| 020 |
|
|
|q (DVD)
|
| 040 |
|
|
|a BOA001
|b cze
|
| 080 |
|
|
|a 791(437)
|2 MRF
|
| 080 |
|
|
|a (084.122)791.221.2
|2 MRF
|
| 080 |
|
|
|a (084.122)791.221.41
|2 MRF
|
| 080 |
|
|
|a (0.034.44)
|2 MRF
|
| 100 |
1 |
|
|a Novák, Ivo,
|d 1918-2004
|7 jk01090391
|4 drt
|
| 245 |
0 |
0 |
|a Léto s kovbojem
|h [videozáznam]
|
| 256 |
|
|
|a Data (4,28 GB)
|
| 260 |
|
|
|a Praha :
|b Státní fond České republiky pro podporu a rozvoj české kinematografie,
|c 1976
|
| 300 |
|
|
|a 1 DVD-video (90 min.) :
|b barev ;
|c 12 cm
|
| 490 |
1 |
|
|a Zlatá kolekce českých filmů
|
| 500 |
|
|
|a Bonusy - filmografie, fotogalerie, rozhovory (Daniela Kolářová, Jaromír Hanzlík, Oldřich Vízner)
|
| 500 |
|
|
|a Natočeno: Československo, 1976
|
| 508 |
|
|
|a Námět a scénář Jaromíra Kolárová, hudba Petr Hapka
|
| 546 |
|
|
|a V českém znění s českými a anglickými titulky
|
| 511 |
1 |
|
|a Hrají Daniela Kolářová, Jaromír Hanzlík, Oldřich Vízner ... [et al.]
|
| 655 |
|
4 |
|a československé filmy
|
| 655 |
|
7 |
|a komedie (filmy)
|7 fd118898
|2 czenas
|
| 655 |
|
7 |
|a romantické filmy
|7 fd119396
|2 czenas
|
| 655 |
|
7 |
|a DVD
|7 fd186912
|2 czenas
|
| 700 |
1 |
|
|a Kolárová, Jaromíra,
|d 1919-2006
|7 jk01061216
|4 sce
|
| 700 |
1 |
|
|a Hapka, Petr,
|d 1944-2014
|7 jn19981001418
|4 cmp
|
| 700 |
1 |
|
|a Kolářová, Daniela,
|d 1946-
|7 jn20000710257
|4 act
|
| 700 |
1 |
|
|a Hanzlík, Jaromír,
|d 1948-
|7 jn20000400883
|4 act
|
| 700 |
1 |
|
|a Vízner, Oldřich,
|d 1947-
|7 ola2002143844
|4 act
|
| 830 |
|
0 |
|a Zlatá kolekce českých filmů
|
| 910 |
2 |
|
|a BOA001
|b CDR2-1220.027
|
| 990 |
|
|
|a VI
|
| 991 |
|
|
|b 200903
|
| 996 |
6 |
|
|b 2610370337
|c CDR2-1220.027
|l Stud. periodik/2.patro
|r Sklad / do 1 hodiny
|n 0
|p p.v.
|w 000927283
|u 000010
|a 1
|e BOA001
|j MZK50
|s P
|